British Youtube Channels Quiz Stats

 Plays Quiz not verified by Sporcle

Score 0/31 Timer 03:00
0 Plays Today
Channel type Channel Name % Correct
BeautyZoella
78.3%
ComedyThatcherJoe
74.5%
EntertainmentPointlessBlog
67%
GamingPewDiePie
57.5%
EntertainmentCaspar
52.8%
EntertainmentMarcus Butler
48.1%
GamingKSI
43.4%
Entertainmentdanisnotonfire
41.5%
Gamingminiminter
32.3%
GamingTheSyndicateProject
17.9%
EntertainmentComedyShortsGamer
13.2%
EntertainmentJacksGap
10.4%
GamingW2S
9.4%
Gamingstampylonghead
7.5%
VloggingMoreZoella
5.7%
MusicEd Sheeran
4.7%
Channel type Channel Name % Correct
GamingYOGSCAST Lewis and Simon
3.8%
GamingAli-A
3.8%
ComedyTomSka
3.8%
ScienceVsauce
2.8%
GamingTheDiamondMinecart
1.9%
EntertainmentBritain's Got Talent
0.9%
AutosTop Gear
0.9%
MusicColdplay Official
0.9%
GamingKSIOlajidebtHD
0.9%
EntertainmentThe X Factor UK
0.9%
MusicUKF Dubstep
0%
EducationLittleBabyBum
0%
EntertainmentSevenSuperGirls
0%
EducationAlltime10s
0%
MusicNoCopyrightSounds
0%

You're not logged in!

Compare scores with friends on all Sporcle quizzes.
OR
Log In

Show Comments

Extras

Top Quizzes Today


Score Distribution

Your Account Isn't Verified!

In order to create a playlist on Sporcle, you need to verify the email address you used during registration. Go to your Sporcle Settings to finish the process.

Report this User

Report this user for behavior that violates our Community Guidelines.

Details: